[Event "Cheliabinsk Lozovatsky Memorial-A"]
[Site "Cheliabinsk"]
[Date "2021.01.18"]
[Round "5"]
[White "Botoyan, Smbat"]
[Black "Kurmangaliyeva, Liya"]
[Result "0-1"]
[WhiteElo "2241"]
[BlackElo "2078"]
[PlyCount "64"]
[EventDate "2021.01.15"]
[EventType "swiss"]
[EventRounds "10"]
[EventCountry "RUS"]
[SourceTitle "CBM 200 Extra"]
[Source "ChessBase"]
[SourceDate "2021.03.31"]
[SourceVersion "1"]
[SourceVersionDate "2021.03.31"]
[SourceQuality "1"]

1. e4 c5 2. Nc3 Nc6 3. Bb5 Nd4 4. Bc4 e6 5. Nf3 a6 6. a4 Nf6 7. 0-0 d6 8. d3 Nc6 9. Ng5 h6 10. Nh3 Be7 11. Nf4 0-0 12. Nh5 Nb4 13. Bb3 b6 14. Nxf6+ Bxf6 15. Qh5 Nc6 16. Ne2 Bb7 17. c3 b5 18. Nf4 c4 19. axb5 axb5 20. Rxa8 Qxa8 21. Bc2 cxd3 22. Nxd3 b4 23. f4 bxc3 24. e5 Qa5 25. bxc3 dxe5 26. fxe5 Nxe5 27. Qe2 Rd8 28. Nf4 Qxc3 29. Nh5 Bg5 30. Nf4 Rc8 31. Rf2 Qa1 32. Rf1 Ba6 0-1

[Event "Poti op 14th"]
[Site "Poti"]
[Date "2019.07.14"]
[Round "2"]
[White "Babujian, Levon"]
[Black "Botoyan, Smbat"]
[Result "1/2-1/2"]
[WhiteElo "2469"]
[BlackElo "2240"]
[PlyCount "89"]
[EventDate "2019.07.13"]
[EventType "swiss"]
[EventRounds "9"]
[EventCountry "GEO"]
[SourceTitle "EXT 2020"]
[Source "ChessBase"]
[SourceDate "2019.10.17"]
[SourceVersion "1"]
[SourceVersionDate "2019.10.17"]
[SourceQuality "1"]

1. d4 d5 2. c4 dxc4 3. e4 e5 4. Nf3 Nf6 5. Nc3 exd4 6. Qxd4 Qxd4 7. Nxd4 Bc5 8. Ndb5 Na6 9. Bf4 c6 10. Nd6+ Bxd6 11. Bxd6 Be6 12. f4 0-0-0 13. 0-0-0 Ne8 14. Be7 Rxd1+ 15. Nxd1 f6 16. f5 Bf7 17. e5 fxe5 18. Ne3 b5 19. Be2 Nf6 20. Ng4 Nd7 21. h4 h5 22. Nf2 Bd5 23. Rh3 Nac5 24. Rg3 Rh7 25. Rg6 e4 26. Nh3 Nd3+ 27. Kc2 N7e5 28. Rg5 e3 29. Rg3 Be4 30. Ng5 Bxf5 31. Nxh7 Nf2+ 32. Kc1 Ned3+ 33. Bxd3 Nxd3+ 34. Kd1 Nxb2+ 35. Ke2 c3 36. Bc5 Bd3+ 37. Ke1 Bxh7 38. Bxe3 Nd3+ 39. Kd1 Nb2+ 40. Ke2 Bd3+ 41. Ke1 g6 42. Bxa7 b4 43. Bd4 Bf5 44. a3 c5 45. Bxc5 1/2-1/2

[Event "Sochi ChessAmateur op10"]
[Site "Sochi"]
[Date "2018.10.17"]
[Round "8"]
[White "Botoyan, Smbat"]
[Black "Filipets, Egor"]
[Result "1/2-1/2"]
[WhiteElo "2242"]
[BlackElo "2321"]
[PlyCount "91"]
[EventDate "2018.10.12"]
[EventType "swiss"]
[EventRounds "9"]
[EventCountry "RUS"]
[SourceTitle "CBM 187 Extra"]
[Source "ChessBase"]
[SourceDate "2018.11.04"]
[SourceVersion "1"]
[SourceVersionDate "2018.11.04"]
[SourceQuality "1"]

1. e4 d6 2. d4 Nf6 3. Nc3 g6 4. g3 Bg7 5. Bg2 0-0 6. Nge2 c6 7. 0-0 e5 8. h3 b5 9. a3 Nbd7 10. Be3 Bb7 11. f4 a6 12. dxe5 dxe5 13. f5 Qc7 14. g4 Nb6 15. b3 a5 16. Qe1 b4 17. Qf2 Nfd7 18. f6 Bxf6 19. Bxb6 Qxb6 20. Qxb6 Nxb6 21. Rxf6 bxc3 22. a4 Rad8 23. Nxc3 Rd2 24. Rf2 Rfd8 25. Raf1 Ba6 26. Rxd2 Rxd2 27. Rf6 Bb7 28. Rf2 Rd4 29. Rf1 Nd7 30. Rd1 Nc5 31. Rxd4 exd4 32. Nb1 Nd7 33. Nd2 Ne5 34. b4 axb4 35. Nb3 Kf8 36. Nxd4 Ke7 37. Nb3 Kd6 38. Kf2 c5 39. Ke3 Bc6 40. a5 Bb5 41. g5 Ba6 42. Kf4 Bb5 43. Nxc5 Kxc5 44. Kxe5 Ba4 45. a6 Kb6 46. Bf1 1/2-1/2

[Event "Sochi ChessAmateur op10"]
[Site "Sochi"]
[Date "2018.10.16"]
[Round "7"]
[White "Yandarbiev, Ruslan"]
[Black "Botoyan, Smbat"]
[Result "0-1"]
[WhiteElo "2316"]
[BlackElo "2242"]
[PlyCount "56"]
[EventDate "2018.10.12"]
[EventType "swiss"]
[EventRounds "9"]
[EventCountry "RUS"]
[SourceTitle "CBM 187 Extra"]
[Source "ChessBase"]
[SourceDate "2018.11.04"]
[SourceVersion "1"]
[SourceVersionDate "2018.11.04"]
[SourceQuality "1"]

1. e4 c5 2. Nf3 e6 3. d4 cxd4 4. Nxd4 Nf6 5. Nc3 Nc6 6. Ndb5 Bc5 7. Bf4 0-0 8. Bc7 Qe7 9. Bd6 Bxd6 10. Qxd6 Qd8 11. Nc7 Rb8 12. Be2 b5 13. e5 b4 14. exf6 bxc3 15. fxg7 Kxg7 16. Qg3+ Kh8 17. Qxc3+ e5 18. Nb5 Qb6 19. Bc4 d5 20. Bxd5 Nd4 21. Nxd4 exd4 22. Qf3 Ba6 23. Kd2 d3 24. Bb3 dxc2 25. Rae1 Rfd8+ 26. Kc1 Rbc8 27. Qe3 Qg6 28. Qe5+ f6 0-1

[Event "Ufa Gumerov Memorial 5th"]
[Site "Ufa"]
[Date "2016.08.09"]
[Round "8"]
[White "Makarenko, Alexandra"]
[Black "Botoyan, Smbat"]
[Result "0-1"]
[WhiteElo "2219"]
[BlackElo "2211"]
[PlyCount "162"]
[EventDate "2016.08.05"]
[EventType "tourn"]
[EventRounds "9"]
[EventCountry "RUS"]
[EventCategory "3"]
[SourceTitle "CBM 173 Extra"]
[Source "ChessBase"]
[SourceDate "2016.08.29"]
[SourceVersion "1"]
[SourceVersionDate "2016.08.29"]
[SourceQuality "1"]

1. e4 e6 2. d4 d5 3. Nc3 dxe4 4. Nxe4 Bd7 5. Nf3 Bc6 6. Bd3 Nd7 7. 0-0 Ngf6 8. Ng3 g6 9. Re1 Bg7 10. Bg5 h6 11. Bd2 0-0 12. c3 Bd5 13. c4 Bc6 14. Bc3 b6 15. Qe2 Re8 16. Rad1 Qc8 17. Ne5 Bb7 18. Qc2 Nf8 19. Ne4 Nxe4 20. Bxe4 Bxe4 21. Qxe4 Qa6 22. Qf4 f5 23. h4 Rad8 24. a3 Qa4 25. Rd3 c5 26. Rg3 cxd4 27. Bxd4 Kh7 28. Bc3 Rd1 29. Rxd1 Qxd1+ 30. Kh2 Qh5 31. Rh3 Qe2 32. Re3 Qh5 33. Kg1 Rd8 34. Rh3 Qd1+ 35. Kh2 Qd6 36. Rg3 a5 37. Nxg6 Nxg6 38. Qxd6 Rxd6 39. h5 Bxc3 40. hxg6+ Kg7 41. Rxc3 a4 42. c5 bxc5 43. Rxc5 Rb6 44. Rc4 Rxb2 45. f3 Kxg6 46. Rxa4 e5 47. Ra5 Re2 48. a4 Kg5 49. Kg3 f4+ 50. Kh3 Kf5 51. Ra6 Re1 52. Kh2 h5 53. a5 e4 54. fxe4+ Rxe4 55. Ra8 Ra4 56. a6 Kg6 57. Kg1 Ra2 58. Ra7 Kg5 59. Kf1 Kg6 60. Ra8 Kh7 61. Kg1 Kg7 62. Ra7+ Kg6 63. Kh1 Ra3 64. Kh2 Kh6 65. Kg1 Ra2 66. Kf1 Kg6 67. Ra8 Kh7 68. a7 Kg7 69. Ke1 Kh7 70. Kd1 Kg7 71. Kc1 h4 72. Kb1 Ra4 73. Kb2 h3 74. gxh3 f3 75. Rd8 Rxa7 76. Rd1 Kg6 77. Kc2 Kg5 78. Rf1 Kf4 79. Kd2 Rd7+ 80. Ke1 Ke3 81. Rf2 Rd1+ 0-1

[Event "Ufa Gumerov Memorial 5th"]
[Site "Ufa"]
[Date "2016.08.07"]
[Round "5"]
[White "Botoyan, Smbat"]
[Black "Daminov, Oleg"]
[Result "1-0"]
[WhiteElo "2211"]
[BlackElo "2170"]
[PlyCount "148"]
[EventDate "2016.08.05"]
[EventType "tourn"]
[EventRounds "9"]
[EventCountry "RUS"]
[EventCategory "3"]
[SourceTitle "CBM 173 Extra"]
[Source "ChessBase"]
[SourceDate "2016.08.29"]
[SourceVersion "1"]
[SourceVersionDate "2016.08.29"]
[SourceQuality "1"]

1. e4 c5 2. Nf3 Nf6 3. Nc3 d5 4. e5 Ne4 5. Bb5+ Nc6 6. Nxe4 dxe4 7. Ng5 Qd5 8. Qe2 Qxe5 9. d4 Qxd4 10. c3 Qe5 11. f4 Qf5 12. Nxe4 Be6 13. Bd3 Qg4 14. Nxc5 Qxe2+ 15. Bxe2 Bd5 16. 0-0 b6 17. Nb3 g6 18. Be3 Bg7 19. Rad1 0-0-0 20. f5 gxf5 21. Rxf5 e5 22. Rxd5 Rxd5 23. Rxf7 Rg8 24. Ba6+ Kd8 25. Bg5+ Ke8 26. Rc7 Rf8 27. Be2 Bf6 28. Bh6 Ne7 29. Bxf8 Kxf8 30. Rxa7 e4 31. Ra4 Re5 32. Nd2 e3 33. Ne4 Bg7 34. Nd6 Bh6 35. Ra7 Rd5 36. Ne4 Re5 37. Nf6 Rf5 38. Ne4 Rf4 39. Bf3 Rf5 40. Kf1 Bf4 41. g3 Bxg3 42. hxg3 Rxf3+ 43. Ke2 Rf7 44. Ra8+ Kg7 45. Kxe3 Nf5+ 46. Ke2 Re7 47. Kd3 Rd7+ 48. Kc4 Re7 49. Kd3 Rd7+ 50. Ke2 Re7 51. Kf3 h5 52. Rb8 Re6 53. Kf4 Ne7 54. Rd8 Ng6+ 55. Ke3 Ne5 56. b3 Nf7 57. Rd5 Kg6 58. a4 Ne5 59. Rd6 Kf5 60. Rxe6 Kxe6 61. Kd4 Nc6+ 62. Kc4 Ke5 63. Nf2 Na5+ 64. Kb4 Kd5 65. c4+ Kd4 66. c5 Ke3 67. cxb6 Nc6+ 68. Kc5 Nb8 69. Nh3 Kf3 70. Nf4 h4 71. gxh4 Kxf4 72. b7 Kg4 73. Kb6 Kxh4 74. Ka7 Nc6+ 1-0

[Event "Ufa Gumerov Memorial 5th"]
[Site "Ufa"]
[Date "2016.08.05"]
[Round "2"]
[White "Abelguzin, Dinar"]
[Black "Botoyan, Smbat"]
[Result "1-0"]
[WhiteElo "2420"]
[BlackElo "2211"]
[PlyCount "49"]
[EventDate "2016.08.05"]
[EventType "tourn"]
[EventRounds "9"]
[EventCountry "RUS"]
[EventCategory "3"]
[SourceTitle "CBM 173 Extra"]
[Source "ChessBase"]
[SourceDate "2016.08.29"]
[SourceVersion "1"]
[SourceVersionDate "2016.08.29"]
[SourceQuality "1"]

1. e4 c5 2. Nf3 e6 3. d4 cxd4 4. Nxd4 Nf6 5. Nc3 Nc6 6. Ndb5 Bc5 7. Bf4 0-0 8. Bc7 Qe7 9. Bd6 Bxd6 10. Qxd6 Qd8 11. Nc7 Rb8 12. 0-0-0 b5 13. Bxb5 Rb7 14. Bxc6 Rxc7 15. Ba4 Rxc3 16. bxc3 Nxe4 17. Qd4 d5 18. Rhe1 Qc7 19. c4 e5 20. Qxd5 Bb7 21. Qd7 Qb6 22. Qb5 Nc3 23. Qxb6 axb6 24. Rd7 Bc8 25. Ra7 1-0

[Event "Poti Aleksandria Cup"]
[Site "Poti"]
[Date "2011.07.12"]
[Round "2"]
[White "Botoyan, Smbat"]
[Black "Zarkua, Davit"]
[Result "0-1"]
[WhiteElo "2216"]
[BlackElo "2433"]
[PlyCount "80"]
[EventDate "2011.07.11"]
[EventType "swiss"]
[EventRounds "9"]
[EventCountry "GEO"]
[SourceTitle "CBM 143 Extra"]
[Source "ChessBase"]
[SourceDate "2011.08.29"]
[SourceVersion "1"]
[SourceVersionDate "2011.08.29"]
[SourceQuality "1"]

1. e4 c5 2. Nf3 e6 3. d4 cxd4 4. Nxd4 a6 5. Bd3 Nf6 6. 0-0 e5 7. Nb3 d6 8. Nc3 Be7 9. f4 0-0 10. Qe1 Nbd7 11. Kh1 Re8 12. a4 b6 13. fxe5 dxe5 14. Qg3 Bb7 15. Bh6 Nh5 16. Qf3 Ndf6 17. Be3 Nf4 18. Bxf4 exf4 19. Qxf4 Bd6 20. Qf3 Qe7 21. Bc4 Rac8 22. Nd2 Be5 23. Ra3 Red8 24. Bd3 Bd6 25. Rb3 Bc7 26. Nc4 Rd4 27. Qh3 Qc5 28. Rf5 Qc6 29. Nd2 Rcd8 30. Rf1 Bc8 31. Qh4 Be6 32. Ra3 h6 33. Nf3 Rb4 34. Rb1 Qc5 35. Raa1 Ng4 36. Nd1 Ne5 37. Nxe5 Qxe5 38. c3 Rxd3 39. cxb4 g5 40. Qxh6 Bh3 0-1

[Event "Moscow op-E"]
[Site "Moscow"]
[Date "2011.02.05"]
[Round "8.113"]
[White "Emdin, Mark"]
[Black "Botoyan, Smbat"]
[Result "1-0"]
[WhiteElo "2024"]
[BlackElo "2215"]
[PlyCount "126"]
[EventDate "2011.01.29"]
[EventType "swiss"]
[EventRounds "9"]
[EventCountry "RUS"]
[SourceTitle "EXT 2022"]
[Source "ChessBase"]
[SourceDate "2021.10.06"]
[SourceVersion "1"]
[SourceVersionDate "2021.10.06"]
[SourceQuality "1"]

1. e4 e6 2. d4 c5 3. c3 d5 4. e5 Nc6 5. Nf3 Qa5 6. a3 c4 7. g3 Bd7 8. Bh3 Nce7 9. 0-0 Ba4 10. Qe2 h6 11. Ne1 Qb6 12. Nd2 g6 13. f4 h5 14. Ndf3 Nh6 15. Ng2 Nef5 16. Ne3 Be7 17. Ng5 a5 18. Bxf5 Nxf5 19. Kg2 Qc6 20. h3 h4 21. Nxf5 gxf5 22. g4 fxg4 23. hxg4 Bb3 24. Be3 Rg8 25. Kh3 0-0-0 26. Nxf7 Rdf8 27. Nh6 Rh8 28. f5 Qe8 29. f6 Bd8 30. f7 Qd7 31. g5 Rh7 32. g6 Rg7 33. Rg1 Be7 34. Raf1 Rh8 35. Ng8 Rgxg8 36. fxg8Q+ Rxg8 37. Rf7 Qe8 38. Qf2 Kb8 39. Bh6 Ka7 40. g7 Bc2 41. Rf8 Bxf8 42. gxf8Q Rxf8 43. Qxf8 Qh5 44. Qf4 Bf5+ 45. Kh2 h3 46. Rf1 Ka6 47. Rf2 Qd1 48. Qg3 Qb1 49. Bf8 b6 50. Bd6 Kb5 51. Bb8 Ka4 52. Bc7 Kb5 53. a4+ Kxa4 54. Bxb6 Qe4 55. Bd8 Qb1 56. Qg1 Qa2 57. b4 cxb3 58. Rxa2+ bxa2 59. Qa1 Kb3 60. Bxa5 Bb1 61. Kxh3 Ka4 62. Bb4 Kb3 63. Kg3 Bf5 1-0

[Event "Moscow op-E"]
[Site "Moscow"]
[Date "2011.02.03"]
[Round "6.111"]
[White "Prikhodko, Anton"]
[Black "Botoyan, Smbat"]
[Result "1/2-1/2"]
[WhiteElo "2070"]
[BlackElo "2215"]
[PlyCount "80"]
[EventDate "2011.01.29"]
[EventType "swiss"]
[EventRounds "9"]
[EventCountry "RUS"]
[SourceTitle "EXT 2022"]
[Source "ChessBase"]
[SourceDate "2021.10.06"]
[SourceVersion "1"]
[SourceVersionDate "2021.10.06"]
[SourceQuality "1"]

1. e4 c5 2. Nf3 a6 3. Nc3 Nc6 4. d4 cxd4 5. Nxd4 e5 6. Nf3 Bb4 7. Bc4 Nf6 8. 0-0 0-0 9. Nd5 Nxe4 10. Nxb4 Nxb4 11. Nxe5 d5 12. Bb3 Be6 13. c3 Nc6 14. Nf3 Re8 15. Be3 Rc8 16. Nd4 Nxd4 17. Qxd4 Nd6 18. Rad1 Nf5 19. Qd2 Nxe3 20. Qxe3 Qf6 21. Qd4 Qxd4 22. Rxd4 Rc5 23. Re1 Kf8 24. f3 b5 25. Kf2 a5 26. Red1 Rd8 27. a3 h6 28. R1d3 g5 29. Ba2 Kg7 30. b4 Rc7 31. Bxd5 Bxd5 32. Rxd5 Rxd5 33. Rxd5 Rxc3 34. Rxb5 a4 35. Ra5 Rxa3 36. b5 Ra2+ 37. Kg3 a3 38. b6 Kg6 39. b7 Rb2 40. Rxa3 Rxb7 1/2-1/2

[Event "Moscow op-E"]
[Site "Moscow"]
[Date "2011.02.01"]
[Round "4.119"]
[White "Kuzmichev, Alexandr"]
[Black "Botoyan, Smbat"]
[Result "1-0"]
[WhiteElo "2083"]
[BlackElo "2215"]
[PlyCount "93"]
[EventDate "2011.01.29"]
[EventType "swiss"]
[EventRounds "9"]
[EventCountry "RUS"]
[SourceTitle "EXT 2022"]
[Source "ChessBase"]
[SourceDate "2021.10.06"]
[SourceVersion "1"]
[SourceVersionDate "2021.10.06"]
[SourceQuality "1"]

1. e4 c5 2. d3 Nc6 3. g3 g6 4. Bg2 Bg7 5. c4 d6 6. Nc3 Nf6 7. Nge2 h5 8. Bg5 Nd7 9. 0-0 Nf8 10. Be3 Ne6 11. f4 Ned4 12. h3 Bd7 13. Rb1 Qc8 14. Kh2 h4 15. g4 f5 16. exf5 gxf5 17. g5 e6 18. b4 Nxe2 19. Nxe2 cxb4 20. d4 a5 21. d5 Ne7 22. dxe6 Bxe6 23. Qxd6 Kf7 24. Bc5 Re8 25. Nd4 Ra6 26. Bb6 Qxc4 27. Nxe6 Qxe6 28. Qxe6+ Kxe6 29. Bc5 Kf7 30. Bxb7 Re6 31. Rfe1 Bc3 32. Rxe6 Kxe6 33. Rd1 a4 34. Ba6 Nd5 35. Bc4 Rd8 36. Kg2 Rd7 37. Kf3 Rd8 38. Ke2 Rd7 39. Rd3 Rd8 40. Kd1 Rd7 41. Kc2 a3 42. Bf2 Bg7 43. Kb3 Bf8 44. Bxh4 Be7 45. Be1 Bd8 46. h4 Be7 47. Bd2 1-0

[Event "Moscow op-E"]
[Site "Moscow"]
[Date "2011.01.30"]
[Round "2.25"]
[White "Gabrielian, Artur"]
[Black "Botoyan, Smbat"]
[Result "1/2-1/2"]
[WhiteElo "2543"]
[BlackElo "2215"]
[PlyCount "96"]
[EventDate "2011.01.29"]
[EventType "swiss"]
[EventRounds "9"]
[EventCountry "RUS"]
[SourceTitle "EXT 2022"]
[Source "ChessBase"]
[SourceDate "2021.10.06"]
[SourceVersion "1"]
[SourceVersionDate "2021.10.06"]
[SourceQuality "1"]

1. e4 c5 2. Nf3 d6 3. d4 cxd4 4. Nxd4 Nf6 5. Nc3 g6 6. Be3 Bg7 7. f3 0-0 8. Qd2 Nc6 9. Bc4 Bd7 10. 0-0-0 Ne5 11. Bb3 Rc8 12. h4 h5 13. Bg5 Rc5 14. Kb1 Re8 15. g4 hxg4 16. h5 Nxh5 17. Nd5 Rxd5 18. Bxd5 Qb6 19. Bb3 Qc5 20. Be3 Nc4 21. Bxc4 Qxc4 22. Rdg1 e5 23. b3 Qc7 24. Ne2 gxf3 25. Bh6 Bxh6 26. Qxh6 fxe2 27. Rxh5 e1Q+ 28. Rxe1 gxh5 29. Rg1+ Bg4 30. Qxh5 Re6 31. Rxg4+ Rg6 32. Rxg6+ fxg6 33. Qxg6+ Kf8 34. Qf6+ Kg8 35. Kb2 a5 36. c3 b6 37. Qe6+ Kg7 38. b4 Kf8 39. Kb3 Kg7 40. a3 Qc6 41. a4 Qxe4 42. Qe7+ Kg8 43. Qxd6 Qb1+ 44. Kc4 e4 45. Qd2 Kg7 46. Kd4 axb4 47. cxb4 Kg6 48. Ke3 Kf5 1/2-1/2

[Event "Kislovodsk Plaza op"]
[Site "Kislovodsk"]
[Date "2010.12.17"]
[Round "8"]
[White "Botoyan, Smbat"]
[Black "Lugovskoy, Maxim"]
[Result "1-0"]
[WhiteElo "2194"]
[BlackElo "2131"]
[PlyCount "67"]
[EventDate "2010.12.11"]
[EventType "swiss"]
[EventRounds "9"]
[EventCountry "RUS"]
[SourceTitle "EXT 2013"]
[Source "ChessBase"]
[SourceDate "2012.11.22"]
[SourceVersion "1"]
[SourceVersionDate "2012.11.22"]
[SourceQuality "1"]

1. d4 d5 2. c4 e6 3. Nf3 Nf6 4. Nc3 Nbd7 5. Bf4 dxc4 6. e3 a6 7. Bxc4 b5 8. Bb3 Bb7 9. 0-0 c5 10. d5 c4 11. dxe6 fxe6 12. Bc2 Be7 13. Ng5 Qb6 14. Bxh7 0-0-0 15. Bc2 Nc5 16. Qe2 Rdf8 17. Rac1 Nh5 18. b4 Nd7 19. Na4 Qd8 20. Nxe6 Qe8 21. Nxf8 Rxf8 22. Qg4 Nxf4 23. exf4 Kb8 24. Nc5 Nxc5 25. bxc5 Bxc5 26. Rce1 Qf7 27. f5 Ka7 28. Re6 Qd7 29. Rd1 Bxf2+ 30. Kf1 Qc8 31. Be4 Bc5 32. Qxg7 Qb8 33. Bxb7 Rg8 34. Rxa6# 1-0

[Event "Kislovodsk Plaza op"]
[Site "Kislovodsk"]
[Date "2010.12.12"]
[Round "2"]
[White "Botoyan, Smbat"]
[Black "Gerliani, Roin"]
[Result "1-0"]
[WhiteElo "2194"]
[BlackElo "1920"]
[PlyCount "59"]
[EventDate "2010.12.11"]
[EventType "swiss"]
[EventRounds "9"]
[EventCountry "RUS"]
[SourceTitle "EXT 2013"]
[Source "ChessBase"]
[SourceDate "2012.11.22"]
[SourceVersion "1"]
[SourceVersionDate "2012.11.22"]
[SourceQuality "1"]

1. Nf3 d5 2. d4 Nf6 3. c4 c6 4. Nc3 e6 5. e3 Nbd7 6. Bd3 Bd6 7. 0-0 0-0 8. e4 Nxe4 9. Nxe4 dxe4 10. Bxe4 Qc7 11. b3 Nf6 12. Bc2 b6 13. Qd3 g6 14. Bg5 Be7 15. Ne5 Bb7 16. Rfe1 Rad8 17. Rad1 c5 18. Qh3 Rxd4 19. Rxd4 cxd4 20. Bh6 Qd6 21. Bxf8 Bxf8 22. Qg3 Bg7 23. Qf4 Qb4 24. Rd1 Qc3 25. Bb1 h5 26. Nxf7 Kxf7 27. Qc7+ Kg8 28. Qxb7 e5 29. Bxg6 Qa5 30. Qc8+ 1-0

[Event "Anapa op"]
[Site "Anapa"]
[Date "2009.09.03"]
[Round "4"]
[White "Botoyan, Smbat"]
[Black "Meshkov, Yuri A"]
[Result "1-0"]
[WhiteElo "2079"]
[BlackElo "2379"]
[PlyCount "117"]
[EventDate "2009.08.31"]
[EventType "swiss"]
[EventRounds "9"]
[EventCountry "RUS"]
[SourceTitle "CBM 132 Extra"]
[Source "ChessBase"]
[SourceDate "2009.11.03"]
[SourceVersion "1"]
[SourceVersionDate "2009.11.03"]
[SourceQuality "1"]

1. d4 e6 2. Nf3 Nf6 3. c4 Bb4+ 4. Bd2 a5 5. Qc2 d5 6. a3 Bxd2+ 7. Nbxd2 Nc6 8. e3 Qd6 9. Bd3 Bd7 10. 0-0 g6 11. Qc3 a4 12. Ne5 0-0 13. f4 dxc4 14. Ndxc4 Qe7 15. Qe1 Rfd8 16. Rc1 Be8 17. Qh4 Nd5 18. Qg3 f6 19. Nxc6 Bxc6 20. e4 Nb6 21. f5 Rxd4 22. Nxb6 cxb6 23. fxg6 h6 24. Qe3 Rad8 25. Bc4 Kg7 26. Bd5 R8xd5 27. exd5 Rxd5 28. Qxb6 Qd7 29. Qf2 Rf5 30. Rfd1 Qe8 31. Qg3 Rg5 32. Qc7+ Kxg6 33. g3 Rd5 34. Rxd5 Bxd5 35. Qc8 Qxc8 36. Rxc8 Bc6 37. Kf2 f5 38. Ke3 e5 39. Rg8+ Kf6 40. Rh8 Kg5 41. Rg8+ Kf6 42. h4 Kf7 43. Rh8 Kg6 44. Rf8 Bd5 45. Rd8 Bc6 46. Rd6+ Kh5 47. Re6 Kg4 48. Kf2 f4 49. gxf4 exf4 50. Rxh6 Be8 51. Rh7 Bc6 52. Rh8 f3 53. h5 Kg5 54. h6 Kg6 55. h7 Kg7 56. Rc8 Kxh7 57. Rxc6 bxc6 58. Kxf3 Kg6 59. Ke4 1-0

[Event "Anapa op"]
[Site "Anapa"]
[Date "2009.09.02"]
[Round "3"]
[White "Botoyan, Smbat"]
[Black "Evdokimov, Alexei"]
[Result "1-0"]
[WhiteElo "2079"]
[BlackElo "2257"]
[PlyCount "71"]
[EventDate "2009.08.31"]
[EventType "swiss"]
[EventRounds "9"]
[EventCountry "RUS"]
[SourceTitle "CBM 132 Extra"]
[Source "ChessBase"]
[SourceDate "2009.11.03"]
[SourceVersion "1"]
[SourceVersionDate "2009.11.03"]
[SourceQuality "1"]

1. d4 Nf6 2. c4 c6 3. Nf3 d6 4. Nc3 Nbd7 5. Qc2 e5 6. Bg5 Be7 7. e3 Qc7 8. Bd3 Nf8 9. c5 exd4 10. cxd6 Qxd6 11. Nxd4 Nd5 12. Bxe7 Nxe7 13. 0-0 Ne6 14. Ne4 Qb8 15. Nxe6 Bxe6 16. Qc5 b6 17. Qa3 c5 18. Bb5+ Kf8 19. Rad1 Qe5 20. Ng3 Bd5 21. e4 Bc6 22. f4 Qc7 23. Bxc6 Nxc6 24. e5 Rd8 25. Nf5 g6 26. Nd6 Kg7 27. f5 Rhf8 28. f6+ Kh8 29. Qe3 Rg8 30. Rd3 g5 31. Qe4 h6 32. Rh3 Rg6 33. Qxg6 fxg6 34. Rxh6+ Kg8 35. f7+ Kg7 36. Ne8+ 1-0

[Event "Moscow op-B"]
[Site "Moscow"]
[Date "2009.02.04"]
[Round "5"]
[White "Loginov, Anton"]
[Black "Botoyan, Smbat"]
[Result "1-0"]
[WhiteElo "2232"]
[BlackElo "2092"]
[PlyCount "50"]
[EventDate "2009.01.31"]
[EventType "swiss"]
[EventRounds "9"]
[EventCountry "RUS"]
[SourceTitle "EXT 2012"]
[Source "ChessBase"]
[SourceDate "2011.11.24"]
[SourceVersion "1"]
[SourceVersionDate "2011.11.24"]
[SourceQuality "1"]

1. d4 Nf6 2. c4 g6 3. Nc3 Bg7 4. e4 d6 5. f3 0-0 6. Bg5 c5 7. d5 a6 8. a4 e6 9. Qd2 exd5 10. cxd5 Re8 11. Nge2 Nbd7 12. Ng3 Qa5 13. Be2 Ne5 14. 0-0 Qb4 15. Qc2 h6 16. Bf4 Nfd7 17. Rfc1 c4 18. Nd1 Nd3 19. Bxd3 cxd3 20. Qxd3 Qe1+ 21. Nf1 Nc5 22. Qa3 Bd4+ 23. Be3 Bxe3+ 24. Ndxe3 Qh4 25. b4 Nd3 1-0

[Event "Moscow op-B"]
[Site "Moscow"]
[Date "2009.02.01"]
[Round "2"]
[White "Botoyan, Smbat"]
[Black "Aghasaryan, Robert"]
[Result "0-1"]
[WhiteElo "2092"]
[BlackElo "2218"]
[PlyCount "50"]
[EventDate "2009.01.31"]
[EventType "swiss"]
[EventRounds "9"]
[EventCountry "RUS"]
[SourceTitle "EXT 2012"]
[Source "ChessBase"]
[SourceDate "2011.11.24"]
[SourceVersion "1"]
[SourceVersionDate "2011.11.24"]
[SourceQuality "1"]

1. d4 d5 2. c4 e6 3. Nf3 c6 4. e3 Nf6 5. Nc3 Nbd7 6. Bd3 b6 7. 0-0 Bb7 8. e4 dxe4 9. Nxe4 Be7 10. Bf4 Nxe4 11. Bxe4 Nf6 12. Bc2 0-0 13. Be5 c5 14. Ng5 h6 15. Qd3 Re8 16. Nxf7 Kxf7 17. Qg6+ Kg8 18. Rad1 Rf8 19. d5 Qe8 20. Qd3 Qh5 21. Rfe1 exd5 22. cxd5 c4 23. Qxc4 Bc5 24. Rd2 Rae8 25. d6+ Kh8 0-1

[Event "Dimitrovgrad-ch"]
[Site "Dimitrovgrad"]
[Date "2009.??.??"]
[Round "6"]
[White "Botoyan, Smbat"]
[Black "Sirotkina, Anna"]
[Result "1-0"]
[WhiteElo "2075"]
[BlackElo "1800"]
[PlyCount "73"]
[EventDate "2009.08.??"]
[EventType "swiss"]
[EventRounds "9"]
[EventCountry "RUS"]
[SourceTitle "EXT 2012"]
[Source "ChessBase"]
[SourceDate "2011.11.24"]
[SourceVersion "1"]
[SourceVersionDate "2011.11.24"]
[SourceQuality "1"]

1. Nf3 Nf6 2. c4 e6 3. Nc3 d5 4. d4 c6 5. e3 Bb4 6. Qc2 Nbd7 7. Bd3 dxc4 8. Bxc4 Nd5 9. 0-0 N7f6 10. e4 Nxc3 11. bxc3 Be7 12. Bd3 h6 13. Rb1 0-0 14. Qe2 Nd7 15. e5 f5 16. exf6 Nxf6 17. Ne5 Bd6 18. Re1 c5 19. Qf3 cxd4 20. cxd4 Bxe5 21. dxe5 Ng4 22. Qxg4 Qxd3 23. Bxh6 Rf7 24. Rbd1 Qf5 25. Rd8+ Kh7 26. Qxf5+ Rxf5 27. Bd2 b6 28. Rc1 Bb7 29. Rd7 Bd5 30. Rcc7 Rg8 31. f4 Bxa2 32. Rxa7 Bc4 33. Rd6 b5 34. g4 Rff8 35. f5 Rd8 36. f6 Rxd6 37. exd6 1-0